000 00735nam a2200217 a 4500
001 000044012
005 20201002045107.0
008 140513s1967 sp 000 e spa d
040 _aDO-SdBNP
_bspa
_cBNPHU
041 1 7 _aspa
_heng
082 _axxxx
_bxxxx
100 1 _aBarthes, Roland,
_d1915-1980.
_971984
240 1 0 _aEssais critiques
_lEspañol
245 1 0 _aEnsayos criticos /
_cRoland Barthes ; traducción de Carlos Pujol.
260 _aBarcelona
_aSeix Barral,
_c1967.
300 _a330 p. ;
_c18 cm.
490 1 _aBiblioteca Breve
_aensayo
_v261
500 _aIncluye datos biográficos del autor en la solapa de la contracubierta
700 1 2 _aPujol, Carlos
_etr.
_945462
830 0 _aBiblioteca Breve
_pEnsayo ;
_n261
_971985
999 _c43501
_d43501